Dragon Ball Z : Dokkan Battle - Personnages sortis en 2023 - Statistiques

Statistiques générales
  • Ce quiz a été pris 181 fois
    61 depuis la dernière actualisation
  • Le résultat moyen est 10 sur 20
Statistiques - réponses
Par images Réponse % Correct
Bulma (enfant)
80%
Le Profane
78%
Son Goku
78%
Krillin
77%
C-21 (normale)
76%
DOKKAN DOKKAN THALÈS AGI
74%
Son Goku Super Saiyan 4
73%
C-17 & C-18
68%
Son Goku
68%
Son Goku Super Saiyan 3
68%
Son Goku
67%
The name of LR TEQ Fusion Zamasu is incorrect. Please change the name to "Half-Corrupted Fusion Zamasu" in Dokkan Battle. 先日登場したLR合体ザマスのキャラクター名が間違っています。「合体ザマス (半身崩壊) 」へ修正をお願いします。 #DokkanBattle #FixZamasu
67%
Mai (futur)
64%
Vegeta Super Saiyan
64%
Boo (super)
62%
Son Gohan Super Saiyan (enfant)
60%
Baby
59%
Omega Shenron
59%
Kale (Berserker)
58%
Vegeta & Nappa
56%
Zamasu
56%
Hildegarn
55%
Son Goku Super Saiyan & Vegeta Super Saiyan & Trunks Super Saiyan (jeune)
54%
Piccolo & Son Gohan (petit)/Son Gohan (petit)
50%
Trunks Super Saiyan (jeune)
50%
Frost (forme finale)
43%
Tenshinhan
42%
Son Gohan (petit)
39%
Gotenks Super Saiyan 3 & Piccolo
35%
Piccolo Junior (forme géante)
33%
Son Gohan Super Saiyan (futur)
33%
Son Goku (GT) & Vegeta Super Saiyan 4
29%
Son Goku Super Saiyan divin SS & Vegeta Super Saiyan divin SS
28%
Son Goku Super Saiyan 3 & Vegeta Super Saiyan 2
27%
Trunks Super Saiyan (futur)
25%
C-21 (transformée, mauvaise)
21%
San Shenron & Suu Shenron
21%
C-17 & C-17 (Hell Fighter)
6%
Docteur Myuu & Dr. Gero
4%
Ribrianne & Kakunsa & Rozie
4%
Amondo & Rezun
0%
Daïzu & Cacao
0%
Zirloin & Rabanra & Zarbuto
0%
Aucun quiz correspondant
Distribution des résultats
% des personnes avec chaque résultat
Percentile par nombre de réponses
Votre historique - résultats
Vous n’avez pas pris ce quiz depuis la dernière actualisation